<?xml version="1.0" encoding="UTF-8"?>
<collection xmlns="http://www.loc.gov/MARC21/slim">
 <record>
  <leader>00851nab a2200181 i 4500</leader>
  <controlfield tag="001">misc72939</controlfield>
  <controlfield tag="005">20251021144145.0</controlfield>
  <controlfield tag="008">240715s1993    hu      o     000   hun d</controlfield>
  <datafield tag="040" ind1=" " ind2=" ">
   <subfield code="a">SZTE Miscellanea Repozitórium</subfield>
   <subfield code="b">hun</subfield>
  </datafield>
  <datafield tag="041" ind1=" " ind2=" ">
   <subfield code="a">hun</subfield>
  </datafield>
  <datafield tag="100" ind1="1" ind2=" ">
   <subfield code="a">P. J.</subfield>
  </datafield>
  <datafield tag="245" ind1="1" ind2="2">
   <subfield code="a">A Nobel-díj visszatért Szegedre</subfield>
   <subfield code="h">[elektronikus dokumentum] :</subfield>
   <subfield code="b">Centenáriumi ünnepségek napja, A Nobel-díj Szegeden /</subfield>
   <subfield code="c"> P. J.</subfield>
  </datafield>
  <datafield tag="260" ind1=" " ind2=" ">
   <subfield code="c">1993-09-18</subfield>
  </datafield>
  <datafield tag="300" ind1=" " ind2=" ">
   <subfield code="a">1, 5</subfield>
  </datafield>
  <datafield tag="490" ind1="0" ind2=" ">
   <subfield code="a">Délmagyarország</subfield>
   <subfield code="v">83 No. 218</subfield>
  </datafield>
  <datafield tag="561" ind1=" " ind2=" ">
   <subfield code="a">Szent-Györgyi Albertről szóló irodalom</subfield>
  </datafield>
  <datafield tag="695" ind1=" " ind2=" ">
   <subfield code="a">Nobel-díj emlékérem, Fekete Ház Kiállítótér, Szent-Györgyi Albert, Gunar Holmgren, Magyar Nemzeti Bank, Magyar Nemzeti Múzeum, kiállítás, Szent-Györgyi hagyaték, Libik György, Ladik János</subfield>
  </datafield>
  <datafield tag="856" ind1="4" ind2="0">
   <subfield code="u">http://misc.bibl.u-szeged.hu/72939/1/Delmagyarorszag_1993_09_261.pdf</subfield>
   <subfield code="z">Dokumentum-elérés </subfield>
  </datafield>
 </record>
</collection>
